La géographie: guide de l´étudiant /

Detalles Bibliográficos
Autor principal: Cholley, Andre
Formato: Libro
Publicado: Paris : Presses universitaires de France, 1951.
Materias:
Etiquetas: Agregar Etiqueta
Sin Etiquetas, Sea el primero en etiquetar este registro!

MARC

LEADER 00000nam a22000004a 4500
001 AR-BbUGT2461
003 AR-BbUGT
005 20181220001643.0
007 ta
008 061101t1951 |||a |0|||0| d
040 |a AR-BbUGT  |b spa  |c AR-BbUGT 
082 0 4 |a 910 
100 1 |a Cholley, Andre. 
245 1 3 |a La géographie:   |b guide de l´étudiant /   |c André Cholley. 
260 |a Paris :   |b Presses universitaires de France,   |c 1951. 
300 |a 216 p. :   |b il. 
653 |a Geografía 
942 |c BK  |h 910  |i C453  |m D  |2 ddc  |6 910_000000000000000_C453 
999 |c 10037  |d 10037